000 00773nam a2200229 i 4500
001 14479
003 ES-MaACL
005 20230906150825.0
007 t|
008 990325s1971 sp ||||1| spa d
080 _a34.096 Floridablanca, José Moñino, Conde de
100 1 _aOrtega Costa, Antonio de P.
_987448
245 1 0 _aRelatos de jueces y escribanos /
_cAntonio de P. Ortega Costa, Ana María García Osma.
260 _aMadrid :
_b[s.n.],
_c1971.
300 _a130 p., [1] h. pleg. ;
_c17 cm.
490 1 _aColección monográfica
600 1 4 _aFloridablanca, José Moñino
_cConde de.
_951333
700 1 _aGarcía Osma, Ana María.
_955066
830 0 _aColección monográfica
_9181433
852 _aES-MaACL
_jF-1079
_bR.114954
999 _c14479
_d14479